000
00327nam a22001457a 4500
008
210305b ||||| |||| 00| 0 eng d
020
_a
9780205848294
041
_a
eng
080
_2
10th
_a
159.9
082
_a
159.9
100
_a
48
101
_a
PSI
245
_a
Understanding Psychology
_c
Morris, CH. G
942
_2
udc
_c
BK
999
_c
55850
_d
55850